000 00463nam a2200169Ia 4500
008 221030s9999 xx 000 0 und d
020 _a9814057606
041 _aEnglish
082 _a105.23
_bDec
100 _aR. Decker
245 0 _aProgramming . JAVA An Introduction to Programming Using Java
_cby R. Decker, S. Hirshfield
260 _bBook / Cole Pub
_aAustralia
_c2000
300 _a617
650 _aBE Computer
700 _aS. Hirshfield
942 _cBK
999 _c6862
_d6862